| 000 | 00506nam a22001697a 4500 | ||
|---|---|---|---|
| 003 | OSt | ||
| 005 | 20140310182336.0 | ||
| 008 | 130925t xxu||||| |||| 00| 0 eng d | ||
| 020 | _a9781874687290 | ||
| 050 |
_aPZ 7 _b.L438 1993 |
||
| 082 |
_aGS 823 _bL47s 1993 |
||
| 245 |
_aThe story of the four little children who went round the world . _cillustrated by Gillian Martin. |
||
| 260 |
_aLondon : _bImpact books, _c1993. |
||
| 300 |
_a29 p. : _bill. ; _c29 cm. |
||
| 942 |
_2lcc _cBK-GS |
||
| 999 |
_c12066 _d12066 |
||